000 01535nem a2200301 i 4500
001 C00032621c
005 20241114100150.0
007 ajocanzn
008 980508q1860 be a 0 fra d
130 0 _aBélgica.
_hMapa histórico. Época romana.
_f[ca. 1860]
_922040
245 1 0 _aCARTE DES VOIES ROMAINES de la BELGIQUE et de leurs raccordements avec les pays voisins d'après les Documents de l'Antiquité et les Publications de nos Sociétes savantes /
_c[Academie d'Archeologie de Belgique].
255 _aEscala [ca. 1:400.000], 50 km [= 12'5 cm].
260 _aAnvers :
_bEtabl. lith. Bellemans Freres, Marchè aux oeufs, 12,
_c[ca. 1860]
300 _a1 mapa :
_blit., col. ;
_c53'5 x 70'5 cm en h. de 60 x 81'5 cm.
490 0 _aAnnales de l'Académie d'Archéologie de Belgique
500 _aEscalas gráficas también expresadas en: 30 millas romanas y 20 leguas galas.
500 _aEl mapa comprende Bélgica y parte de Alemania, con el trazado de las diferentes vías romanas.
500 _aLos límites territoriales están marcados con un trazo de aguada azul aplicado a mano.
590 _amapas_001
590 _amapas_001
650 4 _aVias Romanas-
_zBélgica-
_vMapas.
_989419
650 4 _aVias Romanas-
_zAlemania-
_vMapas.
_989420
710 2 _aAcadémie d'Archéologie de Belgique (
_cAmberes)
_922043
852 4 _jMp-99
856 4 0 _uhttp://www.realacademiabellasartessanfernando.com/es/archivo-biblioteca/biblioteca/mapas-y-planos-de-ciudades?id=85
999 _c31854
_d31854